MARC

LEADER 00000nam0a2200000 4500
001 39013
005 20231101210532.0
010 |a 5934550411 
035 |a (RuTPU)RU\TPU\book\39847 
090 |a 39013 
100 |a 20020322d2001 m y0rusy50 ca 
101 0 |a rus 
102 |a RU 
105 |a a z 000zy 
200 1 |a Цветовая и кодовая маркировка радиоэлектронных компонентов отечественных и зарубежных  |f И. И. Нестеренко 
210 |a Москва  |c Солон-Р  |d 2001  |a Запорожье  |c Розбудова 
215 |a 128 с.  |c ил. 
606 1 |a Радиоэлектронная аппаратура  |x Маркировка  |2 stltpush  |3 (RuTPU)RU\TPU\subj\23466  |9 48059 
610 1 |a радиоэлектронные устройства 
610 1 |a резисторы 
610 1 |a конденсаторы 
610 1 |a оптоэлектронные приборы 
610 1 |a полупроводниковые приборы 
610 1 |a полупроводниковые диоды 
610 1 |a транзисторы 
610 1 |a интегральные стабилизаторы 
610 1 |a цветовая маркировка 
610 1 |a кодовая маркировка 
675 |a 621.396.6.002  |v 3 
700 1 |a Нестеренко  |b И. И.  |g Иван Иванович 
801 1 |a RU  |b 63413507  |c 20020322  |g PSBO 
801 2 |a RU  |b 63413507  |c 20130913  |g PSBO 
942 |c BK